La escolarización de los adolescentes: desafíos culturales, pedagógicos y de política educativa.

保存先:
書誌詳細
第一著者: Tenti Fantani, Emilio coord, (autor)
その他の著者: Bellei Carvacho, Cristhián et al (autor) et al, (autor)
フォーマット: 図書
言語:スペイン語
主題:
オンライン・アクセス:Ver documento en línea
タグ: タグ追加
タグなし, このレコードへの初めてのタグを付けませんか!

MARC

LEADER 00000nam^a2200000^u^4500
001 000530762
005 20260413000000.0
008 140827s10001000^^^^cr^^r^^^^^000^0^spa^d
009 20260413195026.555
035 |a FCE 000075009 
037 |a Acervo ITESO - Biblioteca 
041 |a spa 
095 |a 798 
100 |a Tenti Fantani, Emilio  |e coord  |e (autor) 
245 1 0 |a La escolarización de los adolescentes:  |b desafíos culturales, pedagógicos y de política educativa. 
264 |a Buenos Aires:  |b IIEP: UNESCO,  |c 2012. 
300 |a 256 p. 
336 |a texto  |b txt  |2 rdacontenido 
337 |a sin mediación  |b n  |2 rdamedio 
338 |a volumen  |b nc  |2 rdasoporte 
649 |a XX 
650 |a Pedagogía 
650 |a Políticas educativas 
700 |a Bellei Carvacho, Cristhián  |e et al  |e (autor) 
856 4 0 |u https://www.buenosaires.iipe.unesco.org/sites/default/files/La%2520escolarizacion_adolescWEB_0.pdf  |y Ver documento en línea 
910 |a Fondo Centro de Estudios Educativos 
920 |a Impresos - Libros 
930 |a Fondos Especiales 
905 |a 133 
902 |a https://opac.biblio.iteso.mx/vufind/Record/000530762